000 00782nam a22002175i 4500
001 162875
003 ES-MaACL
005 20251015063142.0
008 010704s1799 fr |||| | fre d
040 _aCCPB | B
_bspa
_cCCPB | B
100 _aRacine, Jean,
_d1639-1699
_994887
245 1 0 _aOeuvres de Jean Racine
_b: tome cinquieme.
250 _aEdition stereotype.
260 _aA Paris :
_bde l'imprimerie de P. Didot l'aîné ...,
_can VII [1799]
300 _a317, [3] p. ;
_c12º.
596 _aMarca tip. en port.
597 _aSign.: 1-26\p6\s, 27\p4\s.
852 _aES-MaACL
_jR-1694-98
_z-- Enc. pasta española
_x Olim: F-698-702
852 _aES-MaACL
_jR-1672-76
_z-- Enc. pasta española
_x-- Olim: F-620-24
999 _c162875
_d162875